<?xml version="1.0" encoding="UTF-8"?>
<record
    xmlns:xsi="http://www.w3.org/2001/XMLSchema-instance"
    xsi:schemaLocation="http://www.loc.gov/MARC21/slim http://www.loc.gov/standards/marcxml/schema/MARC21slim.xsd"
    xmlns="http://www.loc.gov/MARC21/slim">

  <leader>00991na  a2200241   4500</leader>
  <controlfield tag="001">15553</controlfield>
  <controlfield tag="003">MIRAKIL</controlfield>
  <controlfield tag="005">20181213154906.0</controlfield>
  <controlfield tag="008">161006b        tu            000 0      </controlfield>
  <datafield tag="040" ind1=" " ind2=" ">
    <subfield code="a">Milas</subfield>
    <subfield code="b">tur</subfield>
    <subfield code="c">TR-AnCHP</subfield>
  </datafield>
  <datafield tag="041" ind1=" " ind2=" ">
    <subfield code="a">tur</subfield>
  </datafield>
  <datafield tag="082" ind1=" " ind2=" ">
    <subfield code="a">353.920956411</subfield>
    <subfield code="b">A57a 2005</subfield>
  </datafield>
  <datafield tag="090" ind1=" " ind2=" ">
    <subfield code="a">353.920956411 A57a 2005</subfield>
  </datafield>
  <datafield tag="110" ind1=" " ind2=" ">
    <subfield code="a">Antalya Valili&#x11F;i</subfield>
  </datafield>
  <datafield tag="245" ind1=" " ind2=" ">
    <subfield code="a">Antalya il &#xF6;zel idaresi k&#xF6;ylerde ya&#x15F;am kalitesinin y&#xFC;kseltilmesi &#xE7;al&#x131;&#x15F;malar&#x131;</subfield>
    <subfield code="b">(k&#xF6;y yollar&#x131;-k&#xF6;y i&#xE7;mesuyu-k&#xF6;y kanalizasyonu-k&#xF6;y meydan d&#xFC;zenlemesi ve di&#x11F;er projeler)</subfield>
    <subfield code="c">Antalya Valili&#x11F;i</subfield>
  </datafield>
  <datafield tag="246" ind1=" " ind2=" ">
    <subfield code="a">k&#xF6;y yollar&#x131;-k&#xF6;y i&#xE7;mesuyu-k&#xF6;y kanalizasyonu-k&#xF6;y meydan d&#xFC;zenlemesi ve di&#x11F;er projeler</subfield>
  </datafield>
  <datafield tag="246" ind1=" " ind2=" ">
    <subfield code="a">(k&#xF6;y yollar&#x131;-k&#xF6;y i&#xE7;mesuyu-k&#xF6;y kanalizasyonu-k&#xF6;y meydan d&#xFC;zenlemesi ve di&#x11F;er projeler)</subfield>
  </datafield>
  <datafield tag="260" ind1=" " ind2=" ">
    <subfield code="a">Antalya</subfield>
    <subfield code="b">Antalya Valili&#x11F;i</subfield>
    <subfield code="c">2005</subfield>
  </datafield>
  <datafield tag="300" ind1=" " ind2=" ">
    <subfield code="a">223 s.</subfield>
    <subfield code="b">fot&#x11F;.</subfield>
    <subfield code="c">30 sm.</subfield>
  </datafield>
  <datafield tag="650" ind1=" " ind2=" ">
    <subfield code="a">B&#xF6;lgesel geli&#x15F;me</subfield>
    <subfield code="x">K&#xF6;yler</subfield>
    <subfield code="z">Antalya</subfield>
  </datafield>
  <datafield tag="650" ind1=" " ind2=" ">
    <subfield code="a">&#x130;l idaresi</subfield>
    <subfield code="y">Projeler</subfield>
    <subfield code="z">Antalya</subfield>
  </datafield>
  <datafield tag="942" ind1=" " ind2=" ">
    <subfield code="2">ddc</subfield>
    <subfield code="c">BKS</subfield>
  </datafield>
  <datafield tag="952" ind1=" " ind2=" ">
    <subfield code="a">0001</subfield>
    <subfield code="b">0001</subfield>
    <subfield code="d">2016-09-16</subfield>
    <subfield code="e">2</subfield>
    <subfield code="l">0</subfield>
    <subfield code="o">353.920956411 A57a 2005</subfield>
    <subfield code="p">003905</subfield>
    <subfield code="r">2016-09-16 00:00:00</subfield>
    <subfield code="v">0.00</subfield>
    <subfield code="w">2016-09-16</subfield>
    <subfield code="y">BKS</subfield>
  </datafield>
  <datafield tag="999" ind1=" " ind2=" ">
    <subfield code="c">2690</subfield>
    <subfield code="d">2690</subfield>
  </datafield>
</record>
